03347nam a2200541 i 450000100060000000300080000600500170001400600190003100700150005000800410006502000270010602000180013302000150015102000180016602000150018403500230019903500240022203500250024603500210027104000310029205000230032308000070034608200160035324502110036926401630058030000580074333600310080133700330083233800430086550400430090850510800095158801250203159001640215665000290232065000330234965000230238265000260240565100430243165100430247465100480251765100480256565500270261370000400264070000270268079700190270785600620272699900170278826202FlNmELB20241216215901.0m o d | cr cnu||||||||150318s2007 mx a ob f000 0 spa d a9781449274641 (e-book) z9789708190190 z9708190195 z9789707350977 z9707350970 a(MiAaPQ)EBC3228045 a(Au-PeEL)EBL3228045 a(CaPaEBR)ebr11028637 a(OCoLC)991924619 aFINmELBbspaerdacFINmELB 4aJL1281b.D475 2007 a320 a320.97222303aEl desafío de la consolidación democrática en México :bpropuestas y perspectivas /cLuis Enrique Concepción Montiel, Cuauhtémoc López Guzmán, coordinadores ; prólogo, Gianfranco Pasquino. 1aMéxico :bSenado de la República, LX Legislatura ;a[Mexicali] :bUniversidad Autónoma de Baja California ;aMéxico :bMiguel Ángel Porrúa,c2007. a1 recurso en línea (305 páginas) :bilustraciones atextobtxt2rdacontent/spa acomputadorabc2rdamedia/spa arecurso en líneabcr2rdacarrier/spa aContiene referencias bibliográficas.00tAlternancia y alternatividad : algunas propuestas para la debate sobre la consolidación de la democracia / Rafael Rodríguez Prieto -- Cambio institucional y conflicto distributivo : las tensiones de la transición democrática en México / Cuauhtémoc López Guzmán -- El difícil paso de un régimen autoritario a un sistema democrático en México : hacia una democracia consensual y ciudadana / Luis Enrique Concepción Montiel -- Populismo, demandas democráticas y poder político / José Ruiz Valerio, Everardo Díaz Gómez -- Algunos discursos y propuestas de la izquierda : política, sociedad y economía / José Ruiz Valerio, Everardo Díaz Gómez -- De la modernización administrativa a la nueva gestión pública en México : algunas experiencias y retos / José María Ramos -- Evolución de la incidencia de la pobreza : México, 1992-2004 / Fernando Cortés, Israel Banegas -- Las circunscripciones distritales locales e inequidad de la representación : el caso de Baja California, 1992-2004 / Leopoldo Martínez Herrera. aDescripción basada en recurso en línea; Título de la página del título en PDF (e-libro, visto March 18, 2015). aRecurso electrónico. Santa Fe, Arg.: e-libro, 2015. Disponible vía World Wide Web. El acceso puede estar limitado para las bibliotecas afiliadas a e-libro. 0aDemocratizationzMexico. 4aDemocratizaciónzMéxico. 0aDemocracyzMexico. 4aDemocraciazMéxico. 0aMexicoxPolitics and governmenty2000- 4aMéxicoxPolítica y gobiernoy2000- 0aMexicoxPolitics and governmenty1988-2000. 4aMéxicoxPolítica y gobiernoy1988-2000. 4aLibros electrónicos.1 aConcepción Montiel, Luis Enrique.1 aLópez, Cuauhtémoc.2 ae-libro, Corp.40uhttps://elibro.net/ereader/politecnicointernacional/76036 c26202d26202